Kemyay-e-Saadat (Record no. 7284)
[ view plain ]
| 000 -LEADER | |
|---|---|
| fixed length control field | 00330 a2200133 4500 |
| 082 ## - DEWEY DECIMAL CLASSIFICATION NUMBER | |
| Classification number | 297.1229 |
| 090 ## - LOCALLY ASSIGNED LC-TYPE CALL NUMBER (OCLC); LOCAL CALL NUMBER (RLIN) | |
| -- | 3373 |
| -- | 3373 |
| 100 ## - MAIN ENTRY--PERSONAL NAME | |
| Personal name | M. Ghazali |
| 245 ## - TITLE STATEMENT | |
| Title | Kemyay-e-Saadat |
| Statement of responsibility, etc. | M. Ghazali |
| Medium | [Urdu] |
| 260 ## - PUBLICATION, DISTRIBUTION, ETC. | |
| Place of publication, distribution, etc. | Lahore: |
| Name of publisher, distributor, etc. | Shabir Brothers, |
| Date of publication, distribution, etc. | 1993. |
| 300 ## - PHYSICAL DESCRIPTION | |
| Extent | 884 p. ; |
| Dimensions | 25 cm. |
| 650 ## - SUBJECT ADDED ENTRY--TOPICAL TERM | |
| Topical term or geographic name entry element | Islamic ethics |
| 942 ## - ADDED ENTRY ELEMENTS (KOHA) | |
| Koha item type | Book |
| Call number prefix | 297.1229 GHA |
| Withdrawn status | Lost status | Source of classification or shelving scheme | Damaged status | Not for loan | Permanent Location | Current Location | Shelving location | Date acquired | Source of acquisition | Cost, normal purchase price | Total Checkouts | Full call number | Barcode | Date last seen | Date last checked out | Price effective from | Koha item type | Collection code | Total Renewals | Checked out |
|---|---|---|---|---|---|---|---|---|---|---|---|---|---|---|---|---|---|---|---|---|
| Central Library (CL) | Central Library (CL) | General Stacks | 12/30/2020 | Shabir Brothers, Lahore | 225.00 | 2 | 297.1229 GHA | SEECS000223 | 03/10/2026 | 08/13/2024 | 01/05/2017 | Book | ||||||||
| Central Library (CL) | Central Library (CL) | General Stacks | 12/03/2020 | Shabir Brothers, Lahore | 225.00 | 6 | 297.1229 GHA | SEECS000222 | 01/13/2025 | 01/13/2025 | 01/05/2017 | Book | 2 | 02/12/2025 |
